00681nam a2200241 a 4500001001300000003000900013005001700022008004100039020002300080082001300103100002900116245002700145260002400172300000900196500003500205505002400240650002000264700002900284902000800313942000700321952009400328999001700422nice12345678IN_TiNIC20260116013222.0050524s1978 gena grp 000 0 eng  a2825479 c37100a260bMUL aMuller-Fahrenholz, Geiko aUnity in Today`s World aGeneva bWCC c1978 a240p aincludes index and biblioraphy2 aNotes, Bibliography aTheology-Social1 aMuller-Fahrenholz, Geiko bSRS cBK 00104070aHMIbHMId2007-07-10g371.00l0o260 MULp016265r2007-07-10w2026-01-16yEB c10160d10160